|
|
|
|
| LEADER |
00000nas a2200000 a 4500 |
| 001 |
ssj0000400066 |
| 003 |
WaSeSS |
| 005 |
20200512172242.0 |
| 006 |
m d |
| 007 |
cr n |
| 008 |
890721d19uu2008at br p s 0 0eng c |
| 010 |
|
|
|a 2009254120
|
| 022 |
|
|
|a 0810-2597
|l 0726-6472
|y 0726-6472
|
| 035 |
|
|
|a (WaSeSS)ssj0000400066
|
| 037 |
|
|
|b Australian Centre for Maritime Studies, P.O. Box E20, Queen Victoria Terrace, Canberra A.C.T. 2600.
|
| 040 |
|
|
|a VAL
|b eng
|c VAL
|d OCL
|d OCLCQ
|d NYDWH
|d AU@
|d CUS
|d OCLCQ
|d OCLCA
|d OCLCQ
|d OCLCF
|d OCLCO
|d CUS
|d WaSeSS
|
| 042 |
|
|
|a pcc
|
| 043 |
|
|
|a u-at---
|
| 050 |
|
4 |
|a K13
|b .A513
|
| 082 |
0 |
0 |
|a 333.916405
|
| 130 |
0 |
|
|a Maritime studies (Canberra, A.C.T.)
|
| 245 |
1 |
0 |
|a Maritime studies
|h [electronic resource].
|
| 260 |
|
|
|a [Canberra, A.C.T.] :
|b Australian Centre for Maritime Studies
|
| 310 |
|
|
|a Bimonthly (except Sept./Oct.)
|
| 362 |
1 |
|
|a Ceased with no. 161 (July/Sept. 2008).
|
| 506 |
|
|
|a License restrictions may limit access.
|
| 588 |
|
|
|a Description based on: No. 20 (Nov./Dec. 1984); title from caption.
|
| 588 |
|
|
|a Latest issue consulted: No. 161 (July/Sept. 2008).
|
| 650 |
|
0 |
|a Marine resources
|z Australia
|v Periodicals.
|
| 650 |
|
0 |
|a Shipping
|z Australia
|v Periodicals.
|
| 650 |
|
0 |
|a Maritime law
|z Australia
|v Periodicals.
|
| 650 |
|
7 |
|a MARINE RESOURCES.
|2 unbist
|
| 650 |
|
7 |
|a MARITIME TRANSPORT.
|2 unbist
|
| 650 |
|
7 |
|a LAW OF THE SEA.
|2 unbist
|
| 650 |
|
7 |
|a MARITIME LAW.
|2 unbist
|
| 650 |
|
7 |
|a AUSTRALIA.
|2 unbist
|
| 650 |
|
7 |
|a Marine resources.
|2 fast
|0 (OCoLC)fst01009886
|
| 650 |
|
7 |
|a Maritime law.
|2 fast
|0 (OCoLC)fst01010102
|
| 650 |
|
7 |
|a Shipping.
|2 fast
|0 (OCoLC)fst01116352
|
| 651 |
|
7 |
|a Australia.
|2 fast
|0 (OCoLC)fst01204543
|
| 655 |
|
0 |
|a Electronic journals.
|
| 710 |
2 |
|
|a Australian Centre for Maritime Studies.
|
| 785 |
0 |
0 |
|t Australian journal of maritime and ocean affairs
|x 1836-6503
|w (DLC) 2009254121
|w (OCoLC)301790315
|
| 856 |
4 |
0 |
|z Full text available from Research Library: 01/01/2003 to 07/31/2008
|u https://search.proquest.com/publication/54881
|